• 首页
  • 本馆介绍
  • 公告通知
  • 最新文献
  • 馆藏检索
  • 电子资源
  • 读者导购
  • 参考咨询
  • 我的图书馆
  • 登录
  • 详细信息显示
  • 放入我的书架
  • 预约/预借图书
  • 作者相关作品
  • 分类相关作品
  • 丛书相关作品
  • 出版社相关作品

书目信息

  • 表格格式
  • 工作单格式
  • 卡片格式
题名:
再制度化与国家政策能力重构
    
 
作者: 肖方仁 著
分册:  
出版信息: 北京   中国社会科学出版社  2019.01
页数: 331页
开本: 24cm
丛书名:
单 册:
中图分类: G639.712.0
科图分类:
主题词: 中小学教育--zhong xiao xue jiao yu--教育政策--研究--美国
电子资源:
ISBN: 978-7-5203-3659-8
000 01522nam0 2200253 450
001 0104125614
005 20201104125711.0
010    @a978-7-5203-3659-8@dCNY89.00
100    @a20200408d2019 em y0chiy50 ea
101 0  @achi
102    @aCN@b110000
105    @ak z 000yy
106    @ar
200 1  @a再制度化与国家政策能力重构@Azai zhi du hua yu guo jia zheng ce neng li chong gou@e对美国中小学教育政策(1954-2016)的考察@f肖方仁著
210    @a北京@c中国社会科学出版社@d2019.01
215    @a331页@d24cm
300    @a湖州师范学院人文社会科学学术著作出版资助项目
330    @a本书以制度支持理论和权力资源理论为理论框架,从历史的维度分析了美国政府是如何通过策略行动,适时地通过再制度化逻辑,实现国家能力提升,从而引导全国中小学教育政策发展的。通过对1954年至2016年美国中小学教育政策发展的考察,事实证明国家很多时候确实能够实现自己的偏好,并按照偏好继续前进,并且这种偏好并不是社会偏好的简单反应,在实现偏好的过程中遇到阻力时,它会通过从国家利益高度界定政策问题,引导国家政策话语;通过思想影响、协商能力以及财政资助政策杠杆等渗透性权力引导社会和其他各层政府对国家利益的认知和认同;通过不失时机地利用和制造声势,转变和引导社会观念和偏好,从而达到自主地实现和维持国家政策偏好的结果。
517 1  @a对美国中小学教育政策(1954-2016)的考察@Adui mei guo zhong xiao xue jiao yu zheng ce(1954-2016)de kao cha
606 0  @a中小学教育@Azhong xiao xue jiao yu@x教育政策@x研究@y美国
690    @aG639.712.0@v5
701  0 @a肖方仁@Axiao fang ren@4著
801  0 @aCN@bBJSZM@c20201104
905    @b1259981-5@dG639.712.0@e1808@f5
    
    再制度化与国家政策能力重构:对美国中小学教育政策(1954-2016)的考察/肖方仁著.-北京:中国社会科学出版社,2019.01
    331页;24cm
    湖州师范学院人文社会科学学术著作出版资助项目
    
    ISBN 978-7-5203-3659-8:CNY89.00
    本书以制度支持理论和权力资源理论为理论框架,从历史的维度分析了美国政府是如何通过策略行动,适时地通过再制度化逻辑,实现国家能力提升,从而引导全国中小学教育政策发展的。通过对1954年至2016年美国中小学教育政策发展的考察,事实证明国家很多时候确实能够实现自己的偏好,并按照偏好继续前进,并且这种偏好并不是社会偏好的简单反应,在实现偏好的过程中遇到阻力时,它会通过从国家利益高度界定政策问题,引导国家政策话语;通过思想影响、协商能力以及财政资助政策杠杆等渗透性权力引导社会和其他各层政府对国家利益的认知和认同;通过不失时机地利用和制造声势,转变和引导社会观念和偏好,从而达到自主地实现和维持国家政策偏好的结果。
●
相关链接 在E读中查询图书 在五车中查询图书 在当当中查询图书 在豆瓣中查询图书


正题名:再制度化与国家政策能力重构     索取号:G639.712.0/1808         预约/预借

序号 登录号 条形码 馆藏地/架位号 状态 备注
1 1259981   212599810   第一样本阅览室/ [索取号:G639.712.0/1808] 在馆    
2 1259982   212599829   教育系资料室/ [索取号:G639.712.0/1808] 在馆    
3 1259983   212599838   教育系资料室/ [索取号:G639.712.0/1808] 在馆    
4 1259984   212599847   第四借阅区/ [索取号:G639.712.0/1808] 在馆    
5 1259985   212599856   第四借阅区/ [索取号:G639.712.0/1808] 在馆    
唐山师范学院图书馆 欢迎您!
大连网信软件有限公司© 版权所有